Statistics for U.S. States

Click here to take the quiz!

General Stats

  • This quiz has been taken 1,101 times
    (1,097 since last reset)
  • The average score is 41 of 50

Answer Stats

State% Correct
New York
95%
California
94%
Florida
94%
Texas
93%
Washington
93%
North Dakota
92%
South Dakota
92%
Alabama
91%
Alaska
91%
North Carolina
90%
South Carolina
90%
Hawaii
88%
New Mexico
88%
Ohio
88%
Georgia
86%
Arizona
85%
Arkansas
85%
New Jersey
85%
Virginia
85%
Colorado
84%
Maine
84%
Michigan
83%
Mississippi
83%
Nevada
83%
West Virginia
83%
Kansas
82%
Illinois
81%
Kentucky
81%
Oregon
80%
Utah
80%
Delaware
79%
Idaho
79%
Rhode Island
79%
Wyoming
79%
Indiana
78%
Iowa
78%
Louisiana
78%
Maryland
78%
Montana
78%
New Hampshire
78%
Pennsylvania
78%
Tennessee
78%
Vermont
78%
Missouri
75%
Nebraska
75%
Oklahoma
74%
Wisconsin
74%
Massachusetts
73%
Connecticut
72%
Minnesota
70%

Score Distribution

Percentile by Number Answered

Percent of People with Each Score

Your Score History

You have not taken this quiz since the last reset